000 00438nam a22001337a 4500
020 _a969-8221-01-8
082 _a530 PHY'Y
100 _aAWAIS, M. M, YALDRAM, K
_967345
245 _aPHYSICS AND CONTEMPORARY NEEDS, PROCEDING OF THE INTERNATIONAL NATHIAGALI SUMMER COLLEGE
250 _aV-17
260 _aISLAMABAD
_bPINSTECH
_c1992
650 _aCOMPUTATIONAL PHYSICS AND APPLICATIONS 3-160 PLASMA PHYSICS 165-271
_967346
942 _cBK
999 _c575149
_d575149